| 000 | 01212nam a2200385 c 4500 | ||
|---|---|---|---|
| 999 |
_c73031 _d73031 |
||
| 003 | BLK | ||
| 005 | 20241105152208.0 | ||
| 008 | 180408b bul|||||r ||||||| ||bul|| | ||
| 010 | _aKNG00077411000 | ||
| 020 | _a954-739-880-6 | ||
| 040 | _aBLK | ||
| 041 |
_aBUL _cBUL |
||
| 072 | 7 |
_2bullib _aЯ _xАвтографи |
|
| 072 | 7 |
_2bullib _aК _xКраезнание |
|
| 080 |
_aБългарска литература _b821.163.2 _x-1 _z821.163.2-1 |
||
| 100 | 1 |
_aПеева, Иглика Стефанова _d1956 - _9107629 |
|
| 139 |
_aПеева, Иглика Стефанова _bП 32 |
||
| 245 | 1 | 0 |
_aДъждовни шепоти _cИглика Стефанова Пеева. |
| 257 | _aBGR | ||
| 260 |
_bЗахарий Стоянов _c2006 |
||
| 300 |
_a72 с. _c20 см |
||
| 380 | _aX | ||
| 490 | 1 | _aСъвременна българска поезия | |
| 653 | _aстихотворения | ||
| 659 | _aК | ||
| 659 | _aЯ | ||
| 852 | _aЦб 235494 | ||
| 852 | _aК 821.163.2/П 32 И | ||
| 856 | 4 | _qpdf | |
| 856 | 4 | _qpdf | |
| 942 |
_cKNG _n0 _s1 _01 |
||
| 944 |
_aCR _c14.08.2007 _lВиолета Тройчева _k30552 |
||
| 944 |
_aED _c19.04.2013 _lф / |
||
| 999 | _d73031 | ||